Joshua / (Record no. 9840)
[ view plain ]
| 000 -LEADER | |
|---|---|
| fixed length control field | 02915cam a22003618i 4500 |
| 001 - CONTROL NUMBER | |
| control field | 21839611 |
| 003 - CONTROL NUMBER IDENTIFIER | |
| control field | GBCCL |
| 005 - DATE AND TIME OF LATEST TRANSACTION | |
| control field | 20241126110720.0 |
| 008 - FIXED-LENGTH DATA ELEMENTS--GENERAL INFORMATION | |
| fixed length control field | 201208s2021 miu b 001 0 eng |
| 010 ## - | |
| -- | 2020053957 |
| 020 ## - INTERNATIONAL STANDARD BOOK NUMBER | |
| International Standard Book Number | 9781587433450 |
| Qualifying information | (cloth) |
| 020 ## - INTERNATIONAL STANDARD BOOK NUMBER | |
| Canceled/invalid ISBN | 9781493431137 |
| Qualifying information | (ebook) |
| 040 ## - CATALOGING SOURCE | |
| Original cataloging agency | LBSOR/DLC |
| Language of cataloging | eng |
| Description conventions | rda |
| Transcribing agency | DLC |
| Modifying agency | DLC |
| 042 ## - | |
| -- | pcc |
| 050 00 - | |
| -- | BS1295.53 |
| -- | .H56 2021 |
| 082 00 - DEWEY DECIMAL CLASSIFICATION NUMBER | |
| Classification number | 220.7 |
| -- | 222/.207 |
| Edition information | 23 |
| Item number | BRA |
| 100 1# - MAIN ENTRY--PERSONAL NAME | |
| Personal name | Hinlicky, Paul R., |
| Relator term | author. |
| 9 (RLIN) | 15116 |
| 245 10 - TITLE STATEMENT | |
| Title | Joshua / |
| Statement of responsibility, etc. | Paul R. Hinlicky. |
| 264 #1 - PRODUCTION, PUBLICATION, DISTRIBUTION, MANUFACTURE, AND COPYRIGHT NOTICE | |
| Place of production, publication, distribution, manufacture | Grand Rapids, Michigan : |
| Name of producer, publisher, distributor, manufacturer | Brazos Press, a division of Baker Publishing Group, |
| Date of production, publication, distribution, manufacture, or copyright notice | [2021] |
| 300 ## - PHYSICAL DESCRIPTION | |
| Extent | xx, 298 pages ; |
| Dimensions | 24 cm. |
| 336 ## - CONTENT TYPE | |
| Content type term | text |
| Content type code | txt |
| Source | rdacontent |
| 337 ## - MEDIA TYPE | |
| Media type term | unmediated |
| Media type code | n |
| Source | rdamedia |
| 338 ## - CARRIER TYPE | |
| Carrier type term | volume |
| Carrier type code | nc |
| Source | rdacarrier |
| 490 0# - SERIES STATEMENT | |
| Series statement | Brazos theological commentary on the Bible |
| 504 ## - BIBLIOGRAPHY, ETC. NOTE | |
| Bibliography, etc. note | Includes bibliographic references and indexes. |
| 505 0# - FORMATTED CONTENTS NOTE | |
| Formatted contents note | YHWH commissions Joshua to succeed Moses (1:1-9) -- Preparations for the battle of the kingdom of YHWH (1:10-18) -- Rahab, confessing YHWH, Tricks her king, saving Joshua's spies and her own Family (2:1-24) -- Israel passes Over the Jordan and memorializes the event (3:1-4:24) -- Joshua prepares the new generation and is prepared by the prince of the army of YHWH (5:1-15) -- The war procession of the throne of YHWH (6:1-27) -- Achan covets (7:1-26) -- Ḥerem consumes Ai and its king (8:1-29) -- Covenant renewal in the promised land (8:30-35) -- The paradox of the Gibeonites (9:1-27) -- The messianic paradox (10:1-15) -- The campaign against the southern kings (10:16-43) -- The alliance of the northern kings against Israel and their defeat (11:1-15) -- The hardening of the hearts of the Canaanite Kings (11:16-20) -- Defeat of the Anakim and the end of battle (11:21-23) -- The end of Canaanite sovereignty (12:1-24) -- Unconquered Canaan (13:1-7) -- The Transjordan (13:7-33) -- The Cisjordan (14:1-5) -- The Kenite's inheritance (14:6-15) -- The territory of Judah and its satellites (15:1-17:18) -- Casting lots at Shiloh for the seven remaining tribes (18:1-19:51) -- Sanctuary (20:1-9) -- Cities assigned to the Levites (21:1-42) -- Conclusion to Israel's initial land reform (21:43-45) -- The true unity of the people of god (22:1-34) -- The aged Joshua bids Israel farewell, not once but twice (23:1-24:33). |
| 520 ## - SUMMARY, ETC. | |
| Summary, etc. | "A leading systematic theologian offers a theological reading of Joshua in this addition to the Brazos Theological Commentary on the Bible"-- |
| Assigning source | Provided by publisher. |
| 630 00 - SUBJECT ADDED ENTRY--UNIFORM TITLE | |
| Uniform title | Bible. |
| Name of part/section of a work | Joshua |
| Form subdivision | Commentaries. |
| 9 (RLIN) | 15617 |
| 776 08 - ADDITIONAL PHYSICAL FORM ENTRY | |
| Relationship information | Online version: |
| Main entry heading | Hinlicky, Paul R. |
| Title | Joshua |
| Place, publisher, and date of publication | Grand Rapids, Michigan : Brazos Press, a division of Baker Publishing Group, [2021] |
| International Standard Book Number | 9781493431137 |
| Record control number | (DLC) 2020053958 |
| 906 ## - LOCAL DATA ELEMENT F, LDF (RLIN) | |
| a | 7 |
| b | cbc |
| c | orignew |
| d | 1 |
| e | ecip |
| f | 20 |
| g | y-gencatlg |
| 942 ## - ADDED ENTRY ELEMENTS (KOHA) | |
| Source of classification or shelving scheme | Dewey Decimal Classification |
| Koha item type | Reference Books |
| Withdrawn status | Lost status | Source of classification or shelving scheme | Damaged status | Not for loan | Home library | Current Library | Shelving location | Date acquired | Total checkouts | Full call number | Barcode | Date last seen | Copy number | Price effective from | Koha item type |
|---|---|---|---|---|---|---|---|---|---|---|---|---|---|---|---|
| Dewey Decimal Classification | GRACE BIBLE COLLEGE | GRACE BIBLE COLLEGE | Commentary | 2023-07-31 | 220.7 BRA | 016416 | 2025-05-01 | c.1 | 2023-07-31 | Reference Books |